Normal view
MARC view
- CHURCHILL, R.V
Entry Personal Name
001 - CONTROL NUMBER
- control field: 73313
003 - CONTROL NUMBER IDENTIFIER
- control field: NUST
005 - DATE AND TIME OF LATEST TRANSACTION
- control field: 20210628205011.0
008 - FIXED-LENGTH DATA ELEMENTS
- fixed length control field: 210628|| aca||aabn | a|a d
040 ## - CATALOGING SOURCE
- Original cataloging agency: NUST
- Transcribing agency: NUST
100 ## - HEADING--PERSONAL NAME
- Personal name: CHURCHILL, R.V
670 ## - SOURCE DATA FOUND
- Source citation: Work cat.: (NUST): CHURCHILL, R.V, MODERN OPERATIONAL MATHEMATICS IN ENGINEERING, 1944
